000 00639nam a22001817a 4500
003 UA-OsUOA
001 12693
007 ta
008 20050505b un ||||| |||| 00| 0 ukr d
100 _aКоваль Н.
942 _cSA
040 _aUA-OsUOA
_cUA-OsUOA
_dUA-OsUOA
245 _aЗагадкові історії " Володаря кілець" Толкієна
300 _aС.27-28
955 _a0
773 0 _w0
_tВсесвітня література та культура в навчальних закладах України
_dКиїв
_d2005
_g№4
650 7 _aАнглійське літературознавство
_2UDC
999 _c298854
_d298854